| 000 | 00714nam a22001817a 4500 | ||
|---|---|---|---|
| 999 |
_c61024 _d61024 |
||
| 005 | 20231207155711.0 | ||
| 008 | 231207s1975 ru ||||| |||| 00| 0 rus d | ||
| 041 | _arus | ||
| 080 | _a930.24 Б-60 | ||
| 100 |
_aБикерман, Э. _920622 |
||
| 245 |
_aХронология древнего мира : _bБлижний Восток и Античность / _cЭ. Бикерман. |
||
| 264 |
_aМосква, _b«Наука», _c1975. |
||
| 300 |
_a336 с.; _b22 см. |
||
| 653 | _aანტიკური სამყარო | ||
| 653 | _a ახლო აღმოსავლეთი და ანტიკურობა | ||
| 653 | _aქრონოლოგია | ||
| 942 |
_2udc _cᲬᲘᲒᲜᲘ |
||